000 00493cam a2200193ua 4500
020 _c200
041 _aeng
_h
082 _a637.127
_bMAT/TE
100 _aMathur, M.P .
245 _aText book of Dairy Chemistry /
_cM.P Mathur.
_hTextual Documents
260 _aNew Delhi :
_bIndian Council for Agricultural Research ,
_c1999.
300 _a455 ; .
365 _a200
504 _a
700 1 _aDatta, Roy .
700 1 _aDinakar, P .
942 _cBK
999 _c11990
_d11990